Statistiken für Australian Open 2018: Länder mit Tennisspieler Einordnen No 1-32

Klicken Sie hier um das Quiz zu spielen!

Allgemein

  • Dieses Quiz wurde 269 mal gespielt
  • Das Durchschnittsergebnis liegt bei 21 aus 30

Antwortstatistiken

HerrenDamenGesamtLand% Korrekt
415Spanien
99%
325Deutschland
98%
347Vereinigte Staaten
98%
22Schweiz
97%
145Russland
94%
123Australien
92%
426Frankreich
92%
11Serbien
91%
11Italien
90%
11Österreich
90%
11Kanada
87%
11China
82%
11Polen
82%
22Argentinien
81%
11Vereinigtes Königreich
81%
112Kroatien
80%
145Tschechien
77%
11Belgien
73%
11Niederlande
71%
11Ukraine
71%
11Dänemark
63%
11Bulgarien
58%
11Rumänien
58%
22Slowakei
58%
11Südafrika
52%
22Lettland
43%
11Estland
38%
11Luxemburg
21%
11Uruguay
19%
11Bosnien-Herzegowina
8%

Verteilung der Resultate

Perzentil nach korrekt beantworteten Fragen

Anzahl Personen mit jedem Resultat

Ihre Resultats-Entwicklung

Sie haben dieses Quiz noch nicht gespielt